Top 20 type combos by amount of pokemon - Statistics

General Stats
  • This quiz has been taken 11 times
  • The average score is 6 of 20
Answer Stats
# Type % Correct
75 Normal
100%
74 Water
71%
47 Grass
57%
23 Bug
29%
13 Dark
29%
13 Dragon
29%
35 Electric
29%
27 Normal / Flying
29%
39 Psychic
29%
13 Bug / Flying
14%
12 Bug / Poison
14%
21 Fairy
14%
28 Fighting
14%
36 Fire
14%
16 Ghost
14%
14 Grass / Poison
14%
17 Ground
14%
16 Ice
14%
16 Poison
14%
17 Rock
14%
No matching quizzes found
Score Distribution
Percent of People with Each Score
Percentile by Number Answered
Your Score History
You have not taken this quiz